Normal view
MARC view
- Kings and rulers
Entry Topical Term
001 - CONTROL NUMBER
- control field: 37472
003 - CONTROL NUMBER IDENTIFIER
- control field: NUST
005 - DATE AND TIME OF LATEST TRANSACTION
- control field: 20210314130304.0
008 - FIXED-LENGTH DATA ELEMENTS
- fixed length control field: 210314|| aca||aabn | a|a d
040 ## - CATALOGING SOURCE
- Original cataloging agency: NUST
- Transcribing agency: NUST
150 ## - HEADING--TOPICAL TERM
- Topical term or geographic name entry element: Kings and rulers
- General subdivision: Religious life
670 ## - SOURCE DATA FOUND
- Source citation: Work cat.: (NUST): Ghazzālī, 37256, Ghazālīs̕ book of counsel for kings, 1964.
